First Words of Eurovision 2023 Songs Quiz - Statistics

General Stats
  • This quiz has been taken 84 times
    71 since last reset
  • The average score is 15 of 37
Answer Stats
Song Language Answer % Correct
Croatia - "Mama ŠČ!" - Let 3 Croatian Mama
81%
Poland - "Solo" - Blanka English Bejba
79%
Norway - "Queen of Kings" - Alessandra English She
78%
Austria - "Who the Hell is Edgar?" - Teya and Selena English Oh
74%
Sweden - "Tattoo" - Loreen English I
71%
Israel - "Unicorn" - Noa Kirel English Hey
66%
Belgium - "Because of You" - Gustaph English And
59%
Australia - "Promise" - Voyager English Have
59%
Armenia - "Future Lover" - Brunette English I
59%
Germany - "Blood and Glitter" - Lord of the Lost English Blood
57%
Portugal - "Ai Coração" - Mimicat Portuguese Ai
53%
Georgia - "Echo" - Iru English Days
48%
United Kingdom - "I Wrote a Song" - Mae Muller English When
48%
Slovenia - "Carpe diem" - Joker Out Slovene Mi
47%
Serbia - "Samo mi se spava" - Luke Black English Baby
45%
Denmark - "Breaking My Heart" - Reiley English Do
45%
Czechia - "My Sisters Crown" - Vesna Czech Moje
45%
Netherlands - "Burning Daylight" - Mia Nicolai and Dion Cooper English I
41%
France - "Évidemment" - La Zarra French Mon
38%
Estonia - "Bridges" - ALIKA English Now
33%
Ireland - "We Are One" - Wild Youth English We
33%
Iceland - "Power" - Diljá English I'm
31%
San Marino - "Like an Animal" - Piqued Jacks English Come
29%
Finland - "Cha Cha Cha" - Käärijä Finnish Rankka
29%
Ukraine - "Heart of Steel" - TVORCHI English Sometimes
29%
Latvia - "Aijā" - Sudden Lights English You
29%
Lithuania - "Stay" - Monika Linkytė English I've
26%
Cyprus - "Break a Broken Heart" - Andrew Lambrou English The
24%
Switzerland - "Watergun" - Remo Forrer English When
24%
Greece - "What They Say" - Victor Vernicos English Late
22%
Azerbajian - "Tell Me More" - TuralTuranX English Ah
21%
Malta - "Dance (Our Own Party)" - The Busker English Wait
19%
Spain - "Eaea" - Blanca Paloma Spanish Ay
16%
Albania - "Duje" - Albina & Familja Kelmendi Albanian Diçka
16%
Italy - "Due Vite" - Marco Mengoni Italian Siamo
12%
Moldova - "Soarele şi Luna" - Pasha Parfeni Romanian Codrule
5%
Romania - "D.G.T (Off and On)" - Theodor Andrei Romanian Oricât
5%
No matching quizzes found
Score Distribution
Percent of People with Each Score
Percentile by Number Answered
Your Score History
You have not taken this quiz since the last reset